| 000 | 01383cam a2200361 a 4500 | ||
|---|---|---|---|
| 001 | 968611 | ||
| 003 | NUST-PNEC | ||
| 005 | 20170116180715.0 | ||
| 008 | 850103s1985 nyua b 001 0 eng | ||
| 010 | _a 85000005 | ||
| 020 | _a007053554X : | ||
| 040 |
_aDLC _cPNEC _dDLC |
||
| 050 | 0 | 0 |
_aQC320 _b.H23 1985 |
| 082 | 0 | 0 | _a536.2 ROH |
| 100 |
_9664 _aRohsenow Warren M. |
||
| 245 | 0 | 0 |
_aHandbook of heat transfer fundamentals / _ceditors, Warren M. Rohsenow, James P. Hartnett, Ejup N. Ganić. |
| 250 | _a2nd ed. | ||
| 260 |
_aNew York : _bMcGraw-Hill, _cc1985. |
||
| 300 |
_a1413 p. in various pagings : _bill. ; _c24 cm. |
||
| 500 | _ahttp://www.amazon.com/Handbook-Transfer-Fundamentals-Warren-Rohsenow/dp/007053554X/ref=sr_1_1?s=books&ie=UTF8&qid=1413454950&sr=1-1&keywords=007053554x | ||
| 500 | _aRev. ed. of part of: Handbook of heat transfer. c1973. | ||
| 500 | _aCompanion volume to Handbook of heat transfer applications. | ||
| 504 | _aIncludes bibliographies and index. | ||
| 650 | 0 |
_aHeat _xTransmission _xHandbooks, manuals, etc. |
|
| 700 | 1 | _aRohsenow, Warren M. | |
| 700 | 1 |
_aHartnett, J. P. _q(James P.) |
|
| 700 | 1 | _aGanić, Ejup N. | |
| 730 | 0 | _aHandbook of heat transfer. | |
| 740 | 0 | _aHeat transfer fundamentals. | |
| 740 | 0 | _aHandbook of heat transfer applications. | |
| 906 |
_a7 _bcbc _corignew _d1 _eocip _f19 _gy-gencatlg |
||
| 942 |
_2ddc _cBK |
||
| 999 |
_c61114 _d61114 |
||